Pays Visités dans Défis extrêmes : La Tournée mondiale - Statistiques

Statistiques générales
  • Ce quiz a été pris 58 fois
  • Le résultat moyen est 19 sur 26
Statistiques - réponses
Épisode Réponse % Correct
9 France
98%
3 Japon
98%
5 États-Unis
96%
15 États-Unis
96%
24 États-Unis
96%
26 États-Unis
96%
4 Canada
87%
6 Canada
87%
10 Canada
87%
12 Canada
87%
18 Canada
87%
19 Canada
87%
23 Canada
87%
25 Canada
87%
20 Chine
87%
13 Royaume-Uni
77%
1 Égypte
74%
2 Égypte
74%
16 Australie
70%
7 Allemagne
64%
17 Suède
47%
14 Grèce
45%
8 Pérou
38%
11 Jamaïque
34%
21 Tanzanie
32%
22 Chili
28%
Aucun quiz correspondant
Distribution des résultats
% des personnes avec chaque résultat
Percentile par nombre de réponses
Votre historique - résultats
Vous n’avez pas pris ce quiz